00362 a2200121 450000100060000008200140000610000180002024501210003825000060015926000380016530000150020350000220021863401 a658.5 CHR aChristopher M aLogistics and supply chain management ; strategies for reducing cost and improving services, 2/ecMartin Christopher a2 aLondonbFredereck A Praegerc1999 aix, 294 p. aDOS ADTS TEXTBOOK